| 000 | 01083nam a2200253Ia 4500 | ||
|---|---|---|---|
| 001 | 262.13-TIL je ve (18618) | ||
| 003 | IT-MiSPE | ||
| 008 | 171229s9999||||xx |||||||||||||| ||und|| | ||
| 040 |
_aIT-MiSPE _cIT-MiSPE |
||
| 041 | _aITALIANO | ||
| 100 | _aJean-Marie Roger Tillard | ||
| 240 | _aL'évêque de Rome | ||
| 245 | 0 | _aIl vescovo di Roma | |
| 250 | _a1a ed. (v) | ||
| 260 |
_aBrescia _bQueriniana _c1985 |
||
| 300 |
_a214 p. _c23 cm |
||
| 490 |
_aBiblioteca di teologia contemporanea _v47 |
||
| 500 | _aPapato | ||
| 501 | _aEdizioni San Paolo srl - Piazza Soncino, 5 - 20092 CINISELLO BALSAMO (MI) (non commercial uses only) ® Copyright 2018 | ||
| 700 |
_aRoberto Usseglio _g(traduzione) |
||
| 942 | _cBK | ||
| 957 | _71 | ||
| 999 |
_a5018 _bNO _g Copie: 1 _c344130 _d344130 |
||